Ekonomické a sociálne súvislosti vstupu SR do EÚ - prínosy a riziká Náklady prevzatia štandardov a noriem
Vstup SR do EÚ bude spojený s pomerne vysokými, prevažne investičnými nákladmi. Ochrana zdravia, pracovné právo. Agropotravinárstvo a doprava. Energetika. Vnútorná bezpečnosť. Odhad celkových nákladov.
Saved in:
| Format: | Book Chapter |
|---|---|
| Language: | Slovak |
| Subjects: | |
| Tags: |
No Tags, Be the first to tag this record!
|
MARC
| LEADER | 00000naa a2200000 4500 | ||
|---|---|---|---|
| 001 | r047497 | ||
| 005 | 20230927091709.4 | ||
| 041 | 0 | |a slo | |
| 044 | |a SK | ||
| 245 | 1 | 0 | |a Ekonomické a sociálne súvislosti vstupu SR do EÚ - prínosy a riziká |b Náklady prevzatia štandardov a noriem |
| 520 | |a Vstup SR do EÚ bude spojený s pomerne vysokými, prevažne investičnými nákladmi. Ochrana zdravia, pracovné právo. Agropotravinárstvo a doprava. Energetika. Vnútorná bezpečnosť. Odhad celkových nákladov. | ||
| 610 | 2 | 0 | |a integrácia ekonomická medzinárodná |
| 610 | 2 | 0 | |a Slovensko |
| 610 | 2 | 0 | |a Európska únia |
| 610 | 2 | 0 | |a náklady |
| 610 | 2 | 0 | |a náklady investičné |
| 610 | 2 | 0 | |a ochrana zdravia |
| 610 | 2 | 0 | |a právo pracovné |
| 610 | 2 | 0 | |a potravinárstvo |
| 610 | 2 | 0 | |a doprava |
| 610 | 2 | 0 | |a energetika |
| 610 | 2 | 0 | |a bezpečnosť |